Mi madrina
Αποθηκεύτηκε σε:
| Κύριος συγγραφέας: | |
|---|---|
| Μορφή: | Άγνωστο |
| Γλώσσα: | Spanish |
| Έκδοση: |
San José, Costa Rica
Editorial Costa Rica
1981
|
| Έκδοση: | 10. edición |
| Θέματα: | |
| Ετικέτες: |
Προσθήκη ετικέτας
Δεν υπάρχουν, Καταχωρήστε ετικέτα πρώτοι!
|
MARC
| LEADER | 000000000a22000000004500 | ||
|---|---|---|---|
| 001 | 000180 | ||
| 007 | ta | ||
| 008 | 140429s1981 cr |||g |||| 000 f spa d | ||
| 041 | 0 | |a español | |
| 082 | |a CR863.4 F195m10 | ||
| 100 | 1 | |a Fallas Sibaja, Carlos Luis |d 1909-1966 | |
| 245 | 1 | 0 | |a Mi madrina |c Carlos Luis Fallas |
| 250 | |a 10. edición | ||
| 260 | |a San José, Costa Rica |b Editorial Costa Rica |c 1981 | ||
| 300 | |a 109 páginas | ||
| 500 | |a número de inscripción 00037 | ||
| 650 | 4 | |a LITERATURA COSTARRICENSE |v NOVELA | |
| 942 | |2 ddc |c BK | ||
| 999 | |c 1013 |d 1013 | ||
